000 00643nam a2200205 a 4500
005 20230518063750.0
008 991125s1982 bar 000 0 spa u
020 _a8474231639
035 _aUPN01000018324
049 _aCG
050 4 _aLB1051
_bB4.48
100 1 _aBettelheim, Bruno,
_d1903-1990
_931606
245 1 0 _aEducación y vida moderna :
_bun enfoque psicoanalítico /
_cBruno Bettelheim ; tr. Jordi Beltrán.
260 _aBarcelona, Esp. :
_bCrítica,
_c1982.
300 _a300 p.
440 0 _aEstudios y ensayos ;
_v85
650 4 _aPsicología educativa
_95197
650 4 _aVIDA FAMILIAR -
_xEDUCACION
_915116
905 _aLibro
999 _c18324
_d18324